<?xml version="1.0" encoding="UTF-8"?><?xml-stylesheet type="text/xsl" href="static/style.xsl"?><OAI-PMH xmlns="http://www.openarchives.org/OAI/2.0/" xmlns:xsi="http://www.w3.org/2001/XMLSchema-instance" xsi:schemaLocation="http://www.openarchives.org/OAI/2.0/ http://www.openarchives.org/OAI/2.0/OAI-PMH.xsd"><responseDate>2026-04-17T20:43:17Z</responseDate><request verb="GetRecord" identifier="oai:riubu.ubu.es:10259/11099" metadataPrefix="marc">https://riubu.ubu.es/oai/request</request><GetRecord><record><header><identifier>oai:riubu.ubu.es:10259/11099</identifier><datestamp>2025-11-26T01:05:33Z</datestamp><setSpec>com_10259_5822</setSpec><setSpec>com_10259_5086</setSpec><setSpec>com_10259_2604</setSpec><setSpec>col_10259_5823</setSpec></header><metadata><record xmlns="http://www.loc.gov/MARC21/slim" xmlns:doc="http://www.lyncode.com/xoai" xmlns:xsi="http://www.w3.org/2001/XMLSchema-instance" xmlns:dcterms="http://purl.org/dc/terms/" xsi:schemaLocation="http://www.loc.gov/MARC21/slim http://www.loc.gov/standards/marcxml/schema/MARC21slim.xsd">
<leader>00925njm 22002777a 4500</leader>
<datafield tag="042" ind1=" " ind2=" ">
<subfield code="a">dc</subfield>
</datafield>
<datafield tag="720" ind1=" " ind2=" ">
<subfield code="a">Ruiz Fernández, Virginia</subfield>
<subfield code="e">author</subfield>
</datafield>
<datafield tag="720" ind1=" " ind2=" ">
<subfield code="a">Yate, Luis</subfield>
<subfield code="e">author</subfield>
</datafield>
<datafield tag="720" ind1=" " ind2=" ">
<subfield code="a">Langer, Judith</subfield>
<subfield code="e">author</subfield>
</datafield>
<datafield tag="720" ind1=" " ind2=" ">
<subfield code="a">Kosta, Ivet</subfield>
<subfield code="e">author</subfield>
</datafield>
<datafield tag="720" ind1=" " ind2=" ">
<subfield code="a">Grande, Hans J.</subfield>
<subfield code="e">author</subfield>
</datafield>
<datafield tag="720" ind1=" " ind2=" ">
<subfield code="a">Tena Zaera, Ramón</subfield>
<subfield code="e">author</subfield>
</datafield>
<datafield tag="260" ind1=" " ind2=" ">
<subfield code="c">2019-09</subfield>
</datafield>
<datafield tag="520" ind1=" " ind2=" ">
<subfield code="a">Poly(ethylene glycol) (PEG) chains were covalently grafted onto carbon black (CB) using a PEG-terminated trimethoxysilane, yielding PEGylated CB additives (CB-SiPEG) with different SiPEG contents. Unlike pristine CB, CB-SiPEG was readily dispersed in PEG200 base oil, with CB-SiPEG hydrodynamic particle sizes being considerably smaller than those of pristine CB. At optimal SiPEG content, friction coefficient and specific wear rate in ball-on-disk tribometer tests were reduced by 35% and 67% respectively, with 1% wt. CB-SiPEG compared to PEG200 alone. In contrast, pristine CB, alone or with unbound SiPEG, did not show friction-reducing or antiwear capacity. Disk analysis supports CB-SiPEG surface deposition forming a protective tribofilm. Hydrodynamic particle size and lubricating performance of CB-SiPEG/PEG200 blends were preserved after 6 months, indicating high dispersion stability.</subfield>
</datafield>
<datafield tag="024" ind2=" " ind1="8">
<subfield code="a">0301-679X</subfield>
</datafield>
<datafield tag="024" ind2=" " ind1="8">
<subfield code="a">https://hdl.handle.net/10259/11099</subfield>
</datafield>
<datafield tag="024" ind2=" " ind1="8">
<subfield code="a">10.1016/j.triboint.2019.05.001</subfield>
</datafield>
<datafield ind1=" " ind2=" " tag="653">
<subfield code="a">Carbon black</subfield>
</datafield>
<datafield ind1=" " ind2=" " tag="653">
<subfield code="a">PEGylation</subfield>
</datafield>
<datafield ind1=" " ind2=" " tag="653">
<subfield code="a">Lubricant nanoadditives</subfield>
</datafield>
<datafield ind1=" " ind2=" " tag="653">
<subfield code="a">High dispersibility</subfield>
</datafield>
<datafield tag="245" ind1="0" ind2="0">
<subfield code="a">PEGylated carbon black as lubricant nanoadditive with enhanced dispersion stability and tribological performance</subfield>
</datafield>
</record></metadata></record></GetRecord></OAI-PMH>